Państwa z literą ,,z'' w nazwie - Statystyki

Ogólne statystyki
  • Ten quiz został rozwiązany 418 razy
    408 od ostatniego zresetowania
  • Średni wynik to 20 z 30
Statystyki odpowiedzi
Odpowiedź % Poprawnych
Szwajcaria
89%
Szwecja
89%
Zambia
89%
Zimbabwe
87%
Zjednoczone Emiraty Arabskie
86%
Czechy
82%
Azerbejdżan
79%
Brazylia
76%
Stany Zjednoczone
76%
Hiszpania
75%
Czarnogóra
72%
Uzbekistan
72%
Kazachstan
71%
Nowa Zelandia
67%
Czad
66%
Indonezja
64%
Wenezuela
64%
Belize
58%
Izrael
58%
Gruzja
57%
Tunezja
55%
Malezja
53%
Bangladesz
52%
Tanzania
51%
Seszele
50%
Demokratyczna Republika Konga
48%
Mozambik
46%
Mikronezja
44%
Republika Zielonego Przylądka
44%
Wyspy Świętego Tomasza i Książęca
42%
Nie znaleziono quizów pasujących do podanych kryteriów
Rozkład punktacji
Procent ludzi z każdym wynikiem
Percentyl według liczby udzielonych odpowiedzi
Twoja historia wyników
Nie rozwiązałeś tego quizu od ostatniego zresetowania